Italian Language Bathroom Items - Statistics

General Stats
  • This quiz has been taken 101 times
  • The average score is 11 of 17
Answer Stats
Hint Answer % Correct
shaving cream crema da barba
95%
deodorant deodorante
89%
soap sapone
89%
toilet toilette
89%
medicine cabinet armadietto dei medicinali
84%
bathroom bagno
84%
mirror specchio
74%
toilet paper carta igienica
68%
razor rasoio
68%
toothbrush spazzolino da denti
68%
toothpaste dentifricio
58%
shower doccia
53%
sink lavello
47%
comb pettine
42%
towel asciugamano
32%
bathtub vasca
26%
brush pennello
16%
No matching quizzes found
Score Distribution
Percent of People with Each Score
Percentile by Number Answered
Your Score History
You have not taken this quiz